00652nam a2200193Ia 4500008004100000020000700041082002000048100002100068245008500089250000700174260003400181300002700215500001900242600002000261650002000281942000700301952013500308999001500443240925s9999 xx 000 0 und d aNA a305.8009549 AHM aAhmad, Akbar S. 0aPakistani Muashera Pakistan Society Islam Ethnicity and leadership in south asia aNA aKarachi:bRoyal Booksc,1988. axv,267p.bNAfOriginal aIncludes Index aSocial Sciences aSocial Sciences cBK 001040708SSaUITUbUITUd2000-02-18eRoyal Book Companyg200.00l0o305.8009549 AHMpQ2272r2024-09-25 07:12:43w2024-09-25yBK c4771d4771